In my beginning / (Record no. 96504)

MARC details
000 -LEADER
fixed length control field 00481nam a22001817a 4500
005 - DATE AND TIME OF LATEST TRANSACTION
control field 20150915145936.0
010 ## - LCCN (DPL NO)
LC control number ENG-113936
020 ## - INTERNATIONAL STANDARD BOOK NUMBER
Terms of availability 300.00
International Standard Book Number 9789350450864
035 ## - SYSTEM CONTROL NUMBER
System control number EN-97468
037 ## - SOURCE OF ACQUISITION
Source of stock number/acquisition DBAD/PUB
Stock number dpl
082 ## - DEWEY DECIMAL CLASSIFICATION NUMBER
Classification number N
100 ## - MAIN ENTRY--PERSONAL NAME
Personal name Gupta, Sanjeev
245 ## - TITLE STATEMENT
Title In my beginning /
Statement of responsibility, etc by Sanjeev gupta
260 ## - PUBLICATION, DISTRIBUTION, ETC. (IMPRINT)
Place of publication, distribution, etc Calcutta
Name of publisher, distributor, etc Writers Workshop
Date of publication, distribution, etc 2014
270 ## - ADDRESS
Address 162/92, Lake Gardens,
City Calcutta
Postal code 700045
300 ## - PHYSICAL DESCRIPTION
Extent 192p.
Dimensions 22cm(Hb)
942 ## - ADDED ENTRY ELEMENTS (KOHA)
Source of classification or shelving scheme Dewey Decimal Classification
Item type English Books
Call number suffix GUP
Classification part N
Holdings
Withdrawn status Lost status Not for loan Collection code Home library Current library Date acquired Source of acquisition Cost, normal purchase price Full call number Barcode Copy number Cost, replacement price Koha item type
    Not For Loan Fiction D.B.Act.Division D.B.Act.Division 27/08/2015 DBAD/PUB 300.00 N GUP EN-97468 1 300.00 English Books

© Delhi Public Library
Hit Counter
free hit counter